<?xml version="1.0" encoding="UTF-8"?><?xml-stylesheet type="text/xsl" href="static/style.xsl"?><OAI-PMH xmlns="http://www.openarchives.org/OAI/2.0/" xmlns:xsi="http://www.w3.org/2001/XMLSchema-instance" xsi:schemaLocation="http://www.openarchives.org/OAI/2.0/ http://www.openarchives.org/OAI/2.0/OAI-PMH.xsd"><responseDate>2026-04-17T01:07:13Z</responseDate><request verb="GetRecord" identifier="oai:www.recercat.cat:10459.1/49337" metadataPrefix="marc">https://recercat.cat/oai/request</request><GetRecord><record><header><identifier>oai:recercat.cat:10459.1/49337</identifier><datestamp>2024-12-05T23:07:59Z</datestamp><setSpec>com_2072_3622</setSpec><setSpec>col_2072_478537</setSpec></header><metadata><record xmlns="http://www.loc.gov/MARC21/slim" xmlns:dcterms="http://purl.org/dc/terms/" xmlns:xsi="http://www.w3.org/2001/XMLSchema-instance" xmlns:doc="http://www.lyncode.com/xoai" xsi:schemaLocation="http://www.loc.gov/MARC21/slim http://www.loc.gov/standards/marcxml/schema/MARC21slim.xsd">
   <leader>00925njm 22002777a 4500</leader>
   <datafield ind2=" " ind1=" " tag="042">
      <subfield code="a">dc</subfield>
   </datafield>
   <datafield ind2=" " ind1=" " tag="720">
      <subfield code="a">Simón Labory, Mercedes Gloria</subfield>
      <subfield code="e">author</subfield>
   </datafield>
   <datafield ind2=" " ind1=" " tag="260">
      <subfield code="c">2016-01-18T12:11:35Z</subfield>
   </datafield>
   <datafield ind2=" " ind1=" " tag="260">
      <subfield code="c">2016-01-18T12:11:35Z</subfield>
   </datafield>
   <datafield ind2=" " ind1=" " tag="260">
      <subfield code="c">2015-05-14</subfield>
   </datafield>
   <datafield ind2=" " ind1=" " tag="520">
      <subfield code="a">Introducción: El parto es un proceso fisiológico de la mujer que finaliza con el nacimiento de un nuevo ser. El desarrollo científico-tecnológico ha comportado una progresiva medicalización del proceso del embarazo, parto y puerperio. La institucionalización del proceso del parto en los hospitales ha hecho que se desarrolle una serie de intervenciones estandarizadas y rutinarias con las que asisten a cualquier tipo de embarazo quedando la opinión de la madre en un segundo plano. En la actualidad, nuestra sociedad demanda una mejora en la calidad asistencial, por ello en nuestro país han visto necesario el desarrollo de una serie de guías o protocolos con el fin de llevar a cabo una atención más natural.&#xd;
Objetivos: Crear una guía de práctica clínica basándonos en la evidencia científica para atender el parto natural hospitalario que sitúe a la mujer en el centro de toma de decisiones, que mantenga la seguridad del proceso en todo momento, que sea validado por el profesional que atiende el parto y que mejore la satisfacción de los usuarios y profesionales.&#xd;
Metodología: Búsqueda bibliográfica de carácter oficial y de fuentes de información totalmente fiables y críticas, posteriores al año 2005 y que aborden datos epidemiológicos, prevalencia/incidencia y una explicación detallada sobre la asistencia al parto natural por un equipo de matronas.&#xd;
Conclusiones: La opción de implantar la guía de práctica clínica nos permitiría una serie de cambios en la satisfacción de la mujer y su pareja, la reeducación de los profesionales en el parto natural y la disminución de los gastos al hospital.</subfield>
   </datafield>
   <datafield ind1="8" ind2=" " tag="024">
      <subfield code="a">http://hdl.handle.net/10459.1/49337</subfield>
   </datafield>
   <datafield tag="653" ind2=" " ind1=" ">
      <subfield code="a">Parto natural</subfield>
   </datafield>
   <datafield tag="653" ind2=" " ind1=" ">
      <subfield code="a">Matrona</subfield>
   </datafield>
   <datafield tag="653" ind2=" " ind1=" ">
      <subfield code="a">Humanización</subfield>
   </datafield>
   <datafield tag="653" ind2=" " ind1=" ">
      <subfield code="a">Part natural</subfield>
   </datafield>
   <datafield tag="653" ind2=" " ind1=" ">
      <subfield code="a">Llevadores</subfield>
   </datafield>
   <datafield tag="653" ind2=" " ind1=" ">
      <subfield code="a">Assistència mèdica</subfield>
   </datafield>
   <datafield ind2="0" ind1="0" tag="245">
      <subfield code="a">Propuesta para la cartera de servicios de la Unidad de Ginecología y Obstetricia del Hospital Universitario Arnau de Vilanova: Parto Natural Hospitalario</subfield>
   </datafield>
</record></metadata></record></GetRecord></OAI-PMH>